| 000 | 00759nam a2200205 ar4500 | ||
|---|---|---|---|
| 001 | 2325 | ||
| 005 | 20221127090422.0 | ||
| 008 | 101213s xxka 00110 eng d | ||
| 020 |
_a9780521556187(pbk) : _cSR89.00 |
||
| 082 | 0 | 4 |
_a428.2407 _bJ766 1997 |
| 100 | 1 | _aJordan, R. R. | |
| 245 | 1 | 0 |
_aEnglish for academic purposes : _ba guide and resource book for teachers / _cR. R. Jordan. |
| 260 |
_aCambridge : _bCambridge University Press, _c1997 _g(2009 printing). |
||
| 300 |
_axx, 404 p. : _bill. ; _c23 cm. |
||
| 440 | 0 | _aCambridge language teaching library. | |
| 504 | _aIncludes bibl. references and index. | ||
| 650 | 4 |
_aEnglish language _xStudy and teaching. |
|
| 650 | 4 |
_aAcademic writing _vHandbooks, manuals, etc. |
|
| 650 | 4 |
_aEnglish language _vTextbooks. |
|
| 999 |
_c2323 _d2323 |
||